युग को आचार्यश्री महाप्रज्ञ का योगदान (Record no. 7752)

MARC details
000 -LEADER
fixed length control field 01222 a2200217 4500
005 - DATE AND TIME OF LATEST TRANSACTION
control field 20080918161218.0
008 - FIXED-LENGTH DATA ELEMENTS--GENERAL INFORMATION
fixed length control field 080918t xxu||||| |||| 00| 0 hin d
010 ## - LCCN (DPL NO)
LC control number HIN-81109
020 ## - INTERNATIONAL STANDARD BOOK NUMBER
Terms of availability 100.00
035 ## - SYSTEM CONTROL NUMBER
System control number HN-53455
037 ## - SOURCE OF ACQUISITION
Source of stock number/acquisition D.B.Act / pub
082 ## - DEWEY DECIMAL CLASSIFICATION NUMBER
Classification number 240.35
245 ## - TITLE STATEMENT
Title युग को आचार्यश्री महाप्रज्ञ का योगदान
Statement of responsibility, etc संपादक हरिशंकर पाण्डेय एवं जे.पी.एन.मिश्रा
246 ## - VARYING FORM OF TITLE
Title proper/short title Yug ko Achryasri Mahapragya kaa Yogdan
Remainder of title Ed by Harishanker Pandey
260 ## - PUBLICATION, DISTRIBUTION, ETC. (IMPRINT)
Place of publication, distribution, etc लाडनूं
Name of publisher, distributor, etc जैन विश्वभारती संस्थान
Date of publication, distribution, etc 1999
270 ## - ADDRESS
Address जैन विश्वभारती संस्थान
City लाडनूं(राजस्थान)
Postal code 341306
300 ## - PHYSICAL DESCRIPTION
Extent 358पृ
Dimensions 22 सेमी (सजिल्द)
700 ## - ADDED ENTRY--PERSONAL NAME
Personal name मिश्रा, जे.पी.एन.
942 ## - ADDED ENTRY ELEMENTS (KOHA)
Institution code [OBSOLETE] dpl
Item type Hindi Books
Call number prefix 240.35 / युगको
Source of classification or shelving scheme Dewey Decimal Classification
Classification part 240.35
Call number suffix युगको
Holdings
Withdrawn status Lost status Source of classification or shelving scheme Damaged status Not for loan Home library Current library Date acquired Cost, normal purchase price Total Checkouts Full call number Barcode Date last seen Copy number Cost, replacement price Koha item type
    Dewey Decimal Classification     D.B.Act.Division D.B.Act.Division 18/09/2008 100.00   240.35 युगको HN-53455 15/09/2008 1 100.00 Hindi Books

© Delhi Public Library
Hit Counter
free hit counter